Statistics for Abu Dhabi Capital Quiz

Click here to take the quiz!

General Stats

  • This quiz has been taken 17 times
  • The average score is 7 of 15

Answer Stats

QuestionAnswer% Correct
Official language used in the above countryArabic
100%
Which country is Abu Dhabi the capital of?UAE
100%
What is the population? (in millions)1
94%
What gulf does Abu Dhabi border?Persian
69%
What is the name of the airport in Abu Dhabi?Abu Dhabi
63%
What is the most popular sport in Abu Dhabi?Football
63%
What country is closest to Abu Dhabi? (not UAE)Oman
63%
Currency used in Abu DhabiDirham
50%
What is the name of the royal family of Abu Dhabi?Nahyan
31%
Which megacity is closest to Abu Dhabi?Karachi
13%
What is the name of the president building in Abu Dhabi?Qasr Al-Watan
13%
Emirate Abu Dhabi is apart ofAbu Dhabi Emirate
6%
How many islands does Abu Dhabi have?200
0%
What is the name of the fastest developing island in Abu Dhabi?Al Reem
0%
What was the name of the Japanese architect who designed Abu Dhabi?Katsuhiko Takahashi
0%

Score Distribution

Percentile by Number Answered

Percent of People with Each Score

Your Score History

You have not taken this quiz